000 00282nam a22001337a 4500
003 SGT
082 _a614
_bSHA
100 _aSHARMA, B.R.
245 _aHANDWRITING FORENSICS
250 _a2ND
260 _aGURGAON
_bUNIVERSITY PRESS
_c2021
300 _a726
942 _2ddc
_cBK
_024
999 _c22268
_d22268